[Event "Abe Yanofsky mem"]
[Site "Winnipeg CAN"]
[Date "2007.09.02"]
[Round "4"]
[White "Curtis, Rory"]
[Black "Richmond, Barrie"]
[Result "0-1"]
[WhiteElo "1674"]
[BlackElo "1921"]
[PlyCount "96"]
[GameId "2160767910579499"]
[EventDate "2007.09.01"]
[EventType "swiss"]
[EventRounds "5"]
[EventCountry "CAN"]
[SourceTitle "EXT 2022"]
[Source "ChessBase"]
[SourceDate "2021.10.06"]
[SourceVersion "1"]
[SourceVersionDate "2021.10.06"]
[SourceQuality "1"]

1. Nf3 Nf6 2. g3 g6 3. Bg2 Bg7 4. O-O O-O 5. d3 d6 6. e4 Nbd7 7. Re1 e5 8. Nc3 a6 9. Bg5 h6 10. Bd2 Rb8 11. a4 b6 12. h4 Re8 13. Nh2 Nf8 14. Nd5 Nxd5 15. exd5 f5 16. h5 g5 17. c3 Nh7 18. b4 Nf6 19. f3 Nxh5 20. Kf2 Nf6 21. f4 exf4 22. gxf4 g4 23. Rxe8+ Qxe8 24. Qe1 Bd7 25. Qxe8+ Rxe8 26. Nf1 h5 27. a5 b5 28. Re1 Rxe1 29. Bxe1 h4 30. Ne3 h3 31. Bh1 Nh5 32. d4 g3+ 33. Kg1 g2 34. Bxg2 hxg2 35. Nxg2 Bh6 36. Bd2 c6 37. dxc6 Bxc6 38. Nh4 Bd7 39. Ng2 Kf7 40. Kf2 Bc6 41. Nh4 Kf6 42. Ng2 Bxg2 43. Kxg2 Bxf4 44. Bxf4 Nxf4+ 45. Kf3 Nd5 46. c4 bxc4 47. b5 axb5 48. a6 Nc7 0-1

[Event "Abe Yanofsky mem"]
[Site "Winnipeg CAN"]
[Date "2007.09.02"]
[Round "4"]
[White "Langner, David"]
[Black "Nikouline, Alexandre"]
[Result "1-0"]
[WhiteElo "2261"]
[BlackElo "2140"]
[PlyCount "97"]
[GameId "2160767910579500"]
[EventDate "2007.09.01"]
[EventType "swiss"]
[EventRounds "5"]
[EventCountry "CAN"]
[SourceTitle "EXT 2022"]
[Source "ChessBase"]
[SourceDate "2021.10.06"]
[SourceVersion "1"]
[SourceVersionDate "2021.10.06"]
[SourceQuality "1"]

1. d4 Nf6 2. c4 e6 3. Nf3 b6 4. e3 Bb7 5. Bd3 d5 6. O-O Be7 7. b3 O-O 8. Bb2 Nbd7 9. Nbd2 Ne4 10. Rc1 f5 11. Ne5 Nxe5 12. dxe5 Nxd2 13. Qxd2 dxc4 14. Rxc4 Qd5 15. e4 fxe4 16. Rd4 e3 17. fxe3 Rxf1+ 18. Bxf1 Qc6 19. Rc4 Rd8 20. Rxc6 Rxd2 21. Rxc7 Bc5 22. Bd4 Bd5 23. Bxc5 bxc5 24. Rxa7 Rd1 25. Rc7 Be4 26. Kf2 Rd2+ 27. Kg3 Rxa2 28. Rxc5 Rb2 29. Bc4 Rxg2+ 30. Kf4 Bf5 31. e4 Bh3 32. b4 Kf8 33. b5 g5+ 34. Kf3 g4+ 35. Kf4 Rf2+ 36. Kg3 Rg2+ 37. Kf4 Rf2+ 38. Kg5 h6+ 39. Kg6 Bg2 40. Kxh6 Bxe4 41. Kg5 Rxh2 42. Kxg4 Rb2 43. Bxe6 Bd3 44. Bd7 Ke7 45. Bc6 Ke6 46. Kf4 Rb4+ 47. Ke3 Rb3 48. Kd4 Bf1 49. Bd5+ 1-0

[Event "Abe Yanofsky mem"]
[Site "Winnipeg CAN"]
[Date "2007.09.02"]
[Round "4"]
[White "Lauritson, Jim"]
[Black "Kaptsan, Aron"]
[Result "0-1"]
[WhiteElo "1953"]
[BlackElo "2030"]
[PlyCount "80"]
[GameId "2160767910579501"]
[EventDate "2007.09.01"]
[EventType "swiss"]
[EventRounds "5"]
[EventCountry "CAN"]
[SourceTitle "EXT 2022"]
[Source "ChessBase"]
[SourceDate "2021.10.06"]
[SourceVersion "1"]
[SourceVersionDate "2021.10.06"]
[SourceQuality "1"]

1. d4 Nf6 2. c4 e6 3. Nf3 c5 4. d5 b5 5. dxe6 fxe6 6. cxb5 d5 7. e3 Bd6 8. Nc3 Nbd7 9. Be2 Qe7 10. b3 O-O 11. Bb2 Bb7 12. Qc2 Kh8 13. O-O-O e5 14. Nd2 e4 15. f3 exf3 16. Bxf3 Qxe3 17. Rhe1 Qg5 18. Kb1 Rae8 19. Nf1 Ba8 20. Ne2 Ne5 21. Bc1 Qh4 22. g3 Qb4 23. a3 Qa5 24. Bh1 d4 25. Bxa8 Rxa8 26. Nf4 Qxb5 27. Nd2 Rab8 28. Ka2 Rfe8 29. Nc4 Nxc4 30. bxc4 Qc6 31. Ne6 Bxg3 32. Nxd4 cxd4 33. hxg3 Rxe1 34. Rxe1 Nd5 35. Bf4 Nc3+ 36. Ka1 Re8 37. Bd2 Rxe1+ 38. Bxe1 Qxc4 39. Qb2 h6 40. Bf2 Qf1+ 0-1

[Event "Abe Yanofsky mem"]
[Site "Winnipeg CAN"]
[Date "2007.09.02"]
[Round "4"]
[White "Lipnowski, Samuel"]
[Black "Melamedoff, Gustavo"]
[Result "1-0"]
[WhiteElo "2281"]
[BlackElo "1975"]
[PlyCount "95"]
[GameId "2160767910579502"]
[EventDate "2007.09.01"]
[EventType "swiss"]
[EventRounds "5"]
[EventCountry "CAN"]
[SourceTitle "EXT 2022"]
[Source "ChessBase"]
[SourceDate "2021.10.06"]
[SourceVersion "1"]
[SourceVersionDate "2021.10.06"]
[SourceQuality "1"]

1. e4 Nf6 2. e5 Nd5 3. d4 d6 4. Nf3 Bg4 5. Be2 e6 6. O-O Be7 7. h3 Bh5 8. c4 Nb6 9. Nc3 Nc6 10. exd6 cxd6 11. d5 exd5 12. Nxd5 O-O 13. Nxe7+ Nxe7 14. b3 d5 15. c5 Nd7 16. g4 Bg6 17. Be3 Qc7 18. b4 Rad8 19. Qd2 Nf6 20. Bf4 Qc8 21. Nd4 Nc6 22. f3 Rfe8 23. Rae1 Nxd4 24. Qxd4 Re6 25. Bb5 a6 26. Ba4 h6 27. Kf2 a5 28. a3 axb4 29. axb4 Qa8 30. Rxe6 fxe6 31. Ra1 Rf8 32. Bd7 Nxd7 33. Rxa8 Rxa8 34. Be5 Ra2+ 35. Kg3 Ra3 36. Qb2 Re3 37. Bd4 Rd3 38. Kg2 h5 39. Bxg7 hxg4 40. hxg4 e5 41. Bxe5 Nxe5 42. Qxe5 d4 43. Qb8+ Kg7 44. Qxb7+ Kh6 45. c6 Rd2+ 46. Kg3 d3 47. c7 Rd1 48. c8=Q 1-0

[Event "Abe Yanofsky mem"]
[Site "Winnipeg CAN"]
[Date "2007.09.02"]
[Round "4"]
[White "Oberton, Daniel"]
[Black "Gentes, Kevin"]
[Result "1/2-1/2"]
[WhiteElo "2011"]
[BlackElo "2263"]
[PlyCount "66"]
[GameId "2160767910579503"]
[EventDate "2007.09.01"]
[EventType "swiss"]
[EventRounds "5"]
[EventCountry "CAN"]
[SourceTitle "EXT 2022"]
[Source "ChessBase"]
[SourceDate "2021.10.06"]
[SourceVersion "1"]
[SourceVersionDate "2021.10.06"]
[SourceQuality "1"]

1. e4 c5 2. Nf3 d6 3. d4 cxd4 4. Nxd4 Nf6 5. Nc3 a6 6. Bd3 e6 7. g4 Be7 8. g5 Nfd7 9. h4 Nc6 10. Be3 Nde5 11. Be2 O-O 12. f4 Nxd4 13. Qxd4 Nc6 14. Qd2 b5 15. Bf3 Na5 16. b3 Bb7 17. O-O Rc8 18. Ne2 Qc7 19. c3 d5 20. exd5 Rfd8 21. Bd4 Bxd5 22. Bxd5 Rxd5 23. Qe3 Nc6 24. Rac1 Ba3 25. Rcd1 Nxd4 26. cxd4 Rcd8 27. Rd3 Qa7 28. Rfd1 Bd6 29. Nc3 Rf5 30. Ne2 Bc7 31. Kg2 Qb8 32. Rf1 Bb6 33. Rfd1 b4 1/2-1/2

[Event "Abe Yanofsky mem"]
[Site "Winnipeg CAN"]
[Date "2007.09.02"]
[Round "4"]
[White "Raihman, Igal"]
[Black "Boron, Anthony"]
[Result "1/2-1/2"]
[WhiteElo "1782"]
[BlackElo "1973"]
[PlyCount "90"]
[GameId "2160767910579504"]
[EventDate "2007.09.01"]
[EventType "swiss"]
[EventRounds "5"]
[EventCountry "CAN"]
[SourceTitle "EXT 2022"]
[Source "ChessBase"]
[SourceDate "2021.10.06"]
[SourceVersion "1"]
[SourceVersionDate "2021.10.06"]
[SourceQuality "1"]

1. e4 c5 2. Nf3 a6 3. d4 cxd4 4. Nxd4 Nf6 5. Nc3 e5 6. Nb3 Bb4 7. f3 d5 8. exd5 Nxd5 9. Bd2 Nxc3 10. bxc3 Ba3 11. Bd3 O-O 12. Qe2 Nc6 13. h4 Be6 14. g4 Rc8 15. g5 Qd7 16. Qe4 g6 17. Kf2 Bf5 18. Qe2 Rfe8 19. Be4 Bxe4 20. fxe4 Re6 21. h5 Rf8 22. Rag1 a5 23. Be3 Qe7 24. Qc4 Rd8 25. Rh3 Rb8 26. Qb5 b6 27. Rgh1 Na7 28. Qd5 Rd8 29. Qc4 b5 30. Qe2 a4 31. Nd2 Bc5 32. Ke1 Bxe3 33. Qxe3 Rd7 34. Nf3 Qd6 35. Ke2 Nc6 36. Nh2 Na5 37. Ng4 Nc4 38. Qd3 Qe7 39. Nf6+ Rxf6 40. gxf6 Qd8 41. hxg6 Rxd3 42. gxh7+ Kh8 43. cxd3 a3 44. dxc4 bxc4 45. Rg3 Qd2+ 1/2-1/2

[Event "Abe Yanofsky mem"]
[Site "Winnipeg CAN"]
[Date "2007.09.02"]
[Round "4"]
[White "Schulz, Waldemar"]
[Black "Khedkar, Jay S"]
[Result "1/2-1/2"]
[WhiteElo "2052"]
[BlackElo "2003"]
[PlyCount "69"]
[GameId "2160767910579505"]
[EventDate "2007.09.01"]
[EventType "swiss"]
[EventRounds "5"]
[EventCountry "CAN"]
[SourceTitle "EXT 2022"]
[Source "ChessBase"]
[SourceDate "2021.10.06"]
[SourceVersion "1"]
[SourceVersionDate "2021.10.06"]
[SourceQuality "1"]

1. d4 d5 2. c4 e6 3. g3 Nf6 4. Bg2 Be7 5. Nf3 O-O 6. O-O Nbd7 7. Nbd2 c6 8. b3 b6 9. Bb2 Bb7 10. Rc1 Rc8 11. Ne1 Bd6 12. Nd3 Qe7 13. e4 dxe4 14. Nxe4 Nxe4 15. Bxe4 Nf6 16. Bg2 Rfd8 17. Qe2 Ba3 18. Rcd1 Bxb2 19. Qxb2 Qc7 20. Ne5 Nd7 21. Qe2 c5 22. Bxb7 Qxb7 23. Nxd7 Rxd7 24. dxc5 Rxc5 25. Rxd7 Qxd7 26. Rd1 Qc7 27. Qd3 g6 28. Qd8+ Kg7 29. Qd4+ e5 30. Qd7 h5 31. Rd5 Kf6 32. Rd6+ Kg7 33. Qd8 Qxd8 34. Rxd8 Rc7 35. Kf1 1/2-1/2

[Event "Abe Yanofsky mem"]
[Site "Winnipeg CAN"]
[Date "2007.09.02"]
[Round "4"]
[White "Tang, Edward"]
[Black "Liu, Weixi"]
[Result "0-1"]
[WhiteElo "2057"]
[BlackElo "1831"]
[PlyCount "94"]
[GameId "2160767910579506"]
[EventDate "2007.09.01"]
[EventType "swiss"]
[EventRounds "5"]
[EventCountry "CAN"]
[SourceTitle "EXT 2022"]
[Source "ChessBase"]
[SourceDate "2021.10.06"]
[SourceVersion "1"]
[SourceVersionDate "2021.10.06"]
[SourceQuality "1"]

1. d4 d5 2. c4 c6 3. Nf3 Nf6 4. Nc3 dxc4 5. e3 Bg4 6. Bxc4 e6 7. O-O Be7 8. Qe2 O-O 9. Rd1 Nbd7 10. e4 Nb6 11. Bb3 Qc7 12. Bg5 Rad8 13. Rac1 Nfd5 14. Bd2 Nxc3 15. Bxc3 Bf6 16. a4 Qf4 17. a5 Nd7 18. Qe3 Qxe3 19. fxe3 Rfe8 20. e5 Be7 21. Ba4 Nb8 22. Kf2 Rc8 23. h3 Bh5 24. g4 Bg6 25. h4 Be4 26. g5 Rf8 27. Nd2 Bg6 28. Nc4 h6 29. h5 Bxh5 30. Rh1 g6 31. gxh6 Kh7 32. Bc2 Kxh6 33. Rcg1 Rh8 34. Nd6 Bxd6 35. exd6 Nd7 36. e4 Kg7 37. a6 b6 38. d5+ e5 39. Ba4 b5 40. dxc6 Rxc6 41. Bxb5 Rxd6 42. Bxd7 Rxd7 43. Bxe5+ f6 44. Bc3 Re7 45. Ke3 Re6 46. Rf1 Rxa6 47. e5 Re8 0-1

[Event "Abe Yanofsky mem"]
[Site "Winnipeg CAN"]
[Date "2007.09.02"]
[Round "4"]
[White "Van Wyk, Joseph"]
[Black "Vincent, Trevor"]
[Result "0-1"]
[WhiteElo "1913"]
[BlackElo "2175"]
[PlyCount "74"]
[GameId "2160767910579507"]
[EventDate "2007.09.01"]
[EventType "swiss"]
[EventRounds "5"]
[EventCountry "CAN"]
[SourceTitle "EXT 2022"]
[Source "ChessBase"]
[SourceDate "2021.10.06"]
[SourceVersion "1"]
[SourceVersionDate "2021.10.06"]
[SourceQuality "1"]

1. e4 c5 2. c3 d5 3. exd5 Qxd5 4. d4 Nf6 5. Nf3 Bg4 6. Be2 e6 7. Be3 cxd4 8. cxd4 Nc6 9. O-O Be7 10. Nc3 Qd6 11. Qa4 O-O 12. a3 a6 13. Rfd1 b5 14. Qc2 Rac8 15. b4 Nd5 16. Ne4 Nxd4 17. Nxd4 Rxc2 18. Nxd6 Bxe2 19. Re1 Nxe3 20. fxe3 Rd2 21. Ne4 Rxd4 22. exd4 Bc4 23. Nc5 Rd8 24. Nxa6 Bf6 25. Rad1 Bxd4+ 26. Kh1 f6 27. Nc5 e5 28. Nb7 Rd7 29. Na5 Bd5 30. Rd3 Rc7 31. Red1 Be4 32. Rg3 Bf2 33. Rb3 Rc2 34. Rf3 Bxf3 35. gxf3 f5 36. Nb7 e4 37. fxe4 fxe4 0-1

[Event "Abe Yanofsky mem"]
[Site "Winnipeg CAN"]
[Date "2007.09.02"]
[Round "5"]
[White "Bince, Rolando"]
[Black "Silva, T Romero"]
[Result "1-0"]
[WhiteElo "1913"]
[BlackElo "1776"]
[PlyCount "69"]
[GameId "2160767910579508"]
[EventDate "2007.09.01"]
[EventType "swiss"]
[EventRounds "5"]
[EventCountry "CAN"]
[SourceTitle "EXT 2022"]
[Source "ChessBase"]
[SourceDate "2021.10.06"]
[SourceVersion "1"]
[SourceVersionDate "2021.10.06"]
[SourceQuality "1"]

1. e4 c5 2. Nf3 Nc6 3. d4 cxd4 4. Nxd4 Nf6 5. Nc3 a6 6. Bc4 d6 7. Nxc6 bxc6 8. e5 Ng4 9. e6 Ne5 10. exf7+ Nxf7 11. Bxf7+ Kxf7 12. Qf3+ Kg8 13. Qxc6 Be6 14. O-O g6 15. Re1 Bf7 16. Bg5 h6 17. Bxe7 Bxe7 18. Rxe7 Qxe7 19. Qxa8+ Kg7 20. Qxa6 Re8 21. Qd3 Kh7 22. h3 Qe5 23. Rd1 Rd8 24. Qf3 Be6 25. Qe4 Qf6 26. Nd5 Qf7 27. c4 Rd7 28. Qd4 Rd8 29. b3 h5 30. Nf6+ Kh6 31. Qe3+ Kg7 32. Ne4 d5 33. Ng5 d4 34. Nxf7 dxe3 35. Nxd8 1-0

[Event "Abe Yanofsky mem"]
[Site "Winnipeg CAN"]
[Date "2007.09.02"]
[Round "5"]
[White "Boron, Anthony"]
[Black "Schulz, Waldemar"]
[Result "1/2-1/2"]
[WhiteElo "1973"]
[BlackElo "2052"]
[PlyCount "40"]
[GameId "2160767910579509"]
[EventDate "2007.09.01"]
[EventType "swiss"]
[EventRounds "5"]
[EventCountry "CAN"]
[SourceTitle "EXT 2022"]
[Source "ChessBase"]
[SourceDate "2021.10.06"]
[SourceVersion "1"]
[SourceVersionDate "2021.10.06"]
[SourceQuality "1"]

1. b3 d5 2. Nf3 c5 3. e3 Nf6 4. Bb2 e6 5. d4 Nc6 6. Nbd2 Be7 7. Bd3 O-O 8. O-O Nb4 9. Be2 b6 10. Ne5 Bb7 11. a3 Nc6 12. Ndf3 Nd7 13. Nxd7 Qxd7 14. Bb5 a6 15. Ne5 Qc7 16. Bxc6 Bxc6 17. Nxc6 Qxc6 18. dxc5 bxc5 19. Qg4 f6 20. Rfc1 Rab8 1/2-1/2

[Event "Abe Yanofsky mem"]
[Site "Winnipeg CAN"]
[Date "2007.09.02"]
[Round "5"]
[White "Curtis, Rory"]
[Black "Cleto, Sam"]
[Result "1-0"]
[WhiteElo "1674"]
[BlackElo "1900"]
[PlyCount "59"]
[GameId "2160767910579510"]
[EventDate "2007.09.01"]
[EventType "swiss"]
[EventRounds "5"]
[EventCountry "CAN"]
[SourceTitle "EXT 2022"]
[Source "ChessBase"]
[SourceDate "2021.10.06"]
[SourceVersion "1"]
[SourceVersionDate "2021.10.06"]
[SourceQuality "1"]

1. Nf3 g6 2. g3 Bg7 3. Bg2 Nf6 4. O-O O-O 5. d3 d6 6. e4 e5 7. Nc3 Nc6 8. Ne1 Ne8 9. f4 f5 10. exf5 exf4 11. fxg6 fxg3 12. gxh7+ Kh8 13. Rxf8+ Bxf8 14. hxg3 Ne5 15. Bf4 Nf6 16. Bxe5 dxe5 17. Ne4 Qd4+ 18. Kh1 Bg4 19. Qd2 Nxe4 20. Bxe4 Rd8 21. Qg5 Be6 22. Qf6+ Bg7 23. Qxe6 Qxb2 24. Rd1 Rf8 25. Nf3 Qxc2 26. Rd2 Qc1+ 27. Kg2 Rf6 28. Qe8+ Rf8 29. Qe7 Qc3 30. Rf2 1-0

[Event "Abe Yanofsky mem"]
[Site "Winnipeg CAN"]
[Date "2007.09.02"]
[Round "5"]
[White "Greenberg, Harley"]
[Black "Gentes, Kevin"]
[Result "0-1"]
[WhiteElo "1827"]
[BlackElo "2263"]
[PlyCount "112"]
[GameId "2160767910579511"]
[EventDate "2007.09.01"]
[EventType "swiss"]
[EventRounds "5"]
[EventCountry "CAN"]
[SourceTitle "EXT 2022"]
[Source "ChessBase"]
[SourceDate "2021.10.06"]
[SourceVersion "1"]
[SourceVersionDate "2021.10.06"]
[SourceQuality "1"]

1. d4 Nf6 2. c4 g6 3. g3 Bg7 4. Bg2 O-O 5. Nf3 d6 6. Nc3 Nbd7 7. O-O e5 8. e4 c6 9. Be3 Ng4 10. Bg5 Qb6 11. Na4 Qa6 12. h3 Ngf6 13. dxe5 dxe5 14. Qc2 Re8 15. b3 Nf8 16. Rfe1 Ne6 17. Be3 Nd7 18. Rad1 b6 19. c5 bxc5 20. Bf1 Qa5 21. Kh2 Nd4 22. Bxd4 exd4 23. Rc1 Bh6 24. Rcd1 Rb8 25. h4 Nf6 26. Ng5 Re5 27. Bh3 Bxg5 28. hxg5 Rxg5 29. Bxc8 Rxc8 30. Kg2 Ng4 31. Rc1 Qc7 32. Qd3 Ne3+ 33. Rxe3 dxe3 34. Qxe3 Rh5 35. Nxc5 Rd8 36. Nd3 Qd7 37. Nf4 Ra5 38. a4 Qd4 39. Kf3 Qxe3+ 40. Kxe3 Rb8 41. Rc3 Kf8 42. Nd3 Ke8 43. Kd4 Ra6 44. Kc4 Rab6 45. b4 R6b7 46. Rb3 a5 47. Kc5 axb4 48. a5 Rb5+ 49. Kxc6 Rxa5 50. Rxb4 Rxb4 51. Nxb4 Ra3 52. Nd5 Rf3 53. e5 Rxf2 54. Nf6+ Ke7 55. Nxh7 Rd2 56. Ng5 Rd4 0-1

[Event "Abe Yanofsky mem"]
[Site "Winnipeg CAN"]
[Date "2007.09.02"]
[Round "5"]
[White "Kaptsan, Aron"]
[Black "Tang, Edward"]
[Result "1-0"]
[WhiteElo "2030"]
[BlackElo "2057"]
[PlyCount "71"]
[GameId "2160767910579512"]
[EventDate "2007.09.01"]
[EventType "swiss"]
[EventRounds "5"]
[EventCountry "CAN"]
[SourceTitle "EXT 2022"]
[Source "ChessBase"]
[SourceDate "2021.10.06"]
[SourceVersion "1"]
[SourceVersionDate "2021.10.06"]
[SourceQuality "1"]

1. e4 e5 2. Bc4 Nf6 3. Qe2 Nc6 4. c3 Be7 5. d3 O-O 6. Bb3 Re8 7. Nd2 Bf8 8. Nf1 d5 9. h3 Na5 10. Bc2 c5 11. g4 g6 12. Ng3 c4 13. dxc4 Nxe4 14. Nxe4 dxe4 15. Bxe4 Be6 16. b3 f5 17. gxf5 gxf5 18. Bg2 e4 19. Bd2 Qe7 20. Qe3 Bg7 21. Ne2 Rad8 22. Nd4 Rxd4 23. cxd4 Nxc4 24. bxc4 Bxc4 25. Bf1 Bd5 26. Rg1 Kh8 27. Bb5 Rf8 28. f4 Bf6 29. Kf1 Rd8 30. a4 Bf7 31. Bc3 Rc8 32. Kg2 Bh5 33. Rge1 Bf3+ 34. Kh2 Qg7 35. Rg1 Qh6 36. Rac1 1-0

[Event "Abe Yanofsky mem"]
[Site "Winnipeg CAN"]
[Date "2007.09.02"]
[Round "5"]
[White "Liu, Weixi"]
[Black "Van Wyk, Joseph"]
[Result "0-1"]
[WhiteElo "1831"]
[BlackElo "1913"]
[PlyCount "66"]
[GameId "2160767910579514"]
[EventDate "2007.09.01"]
[EventType "swiss"]
[EventRounds "5"]
[EventCountry "CAN"]
[SourceTitle "EXT 2022"]
[Source "ChessBase"]
[SourceDate "2021.10.06"]
[SourceVersion "1"]
[SourceVersionDate "2021.10.06"]
[SourceQuality "1"]

1. d4 d5 2. c4 e6 3. Nf3 Nf6 4. Bg5 c5 5. cxd5 exd5 6. Nc3 cxd4 7. Bxf6 Qxf6 8. Nxd5 Qd8 9. Qxd4 Nc6 10. Qe4+ Be6 11. O-O-O Rc8 12. Nc3 Qa5 13. Qa4 Qxa4 14. Nxa4 Nb4+ 15. Nc3 Nxa2+ 16. Kb1 Rxc3 17. Nd4 Rc1+ 18. Rxc1 Nxc1 19. Nxe6 fxe6 20. Kxc1 Bc5 21. f3 Be3+ 22. Kc2 Ke7 23. Kd3 Bf2 24. Kc2 Rc8+ 25. Kb3 Rc6 26. Ka2 Be3 27. g3 Rc2 28. Kb3 Rd2 29. Kc3 b5 30. Bh3 a5 31. b3 Kd6 32. Bg4 b4+ 33. Kc4 Kc6 0-1

[Event "Abe Yanofsky mem"]
[Site "Winnipeg CAN"]
[Date "2007.09.02"]
[Round "5"]
[White "Melamedoff, Gustavo"]
[Black "Khedkar, Jay S"]
[Result "1-0"]
[WhiteElo "1975"]
[BlackElo "2003"]
[PlyCount "63"]
[GameId "2160767910579515"]
[EventDate "2007.09.01"]
[EventType "swiss"]
[EventRounds "5"]
[EventCountry "CAN"]
[SourceTitle "EXT 2022"]
[Source "ChessBase"]
[SourceDate "2021.10.06"]
[SourceVersion "1"]
[SourceVersionDate "2021.10.06"]
[SourceQuality "1"]

1. e4 c5 2. Nc3 e6 3. Nf3 d6 4. d4 cxd4 5. Nxd4 Nf6 6. Bg5 a6 7. Qd2 Nbd7 8. O-O-O Qc7 9. f3 b5 10. Bd3 Bb7 11. g4 Be7 12. Be3 Ne5 13. g5 Nfd7 14. Rhe1 Nc5 15. Bxb5+ axb5 16. Ndxb5 Qb8 17. Nxd6+ Bxd6 18. Qxd6 Ncd3+ 19. Rxd3 Nxd3+ 20. Qxd3 O-O 21. Rd1 Ba6 22. Qd6 Rd8 23. Qxd8+ Qxd8 24. Rxd8+ Rxd8 25. b4 Bc4 26. b5 Rb8 27. a4 Kf8 28. Kb2 Ke8 29. Ka3 Kd7 30. Kb4 Bf1 31. a5 Bxb5 32. Nxb5 1-0

[Event "Abe Yanofsky mem"]
[Site "Winnipeg CAN"]
[Date "2007.09.02"]
[Round "5"]
[White "Nikouline, Alexandre"]
[Black "Oberton, Daniel"]
[Result "1-0"]
[WhiteElo "2140"]
[BlackElo "2011"]
[PlyCount "69"]
[GameId "2160767910579516"]
[EventDate "2007.09.01"]
[EventType "swiss"]
[EventRounds "5"]
[EventCountry "CAN"]
[SourceTitle "EXT 2022"]
[Source "ChessBase"]
[SourceDate "2021.10.06"]
[SourceVersion "1"]
[SourceVersionDate "2021.10.06"]
[SourceQuality "1"]

1. e4 c5 2. Nf3 d6 3. d4 cxd4 4. Nxd4 Nf6 5. Nc3 g6 6. Be2 Bg7 7. O-O Nc6 8. Nb3 O-O 9. Bg5 h6 10. Bh4 Bd7 11. f4 Rc8 12. Kh1 a6 13. Bf3 b5 14. Nd5 Nh7 15. c3 g5 16. Bf2 Be6 17. Nd4 Nxd4 18. Bxd4 Bxd5 19. Bxg7 Kxg7 20. exd5 f5 21. a4 Nf6 22. fxg5 hxg5 23. axb5 axb5 24. Qd2 Kg6 25. Be2 Qb6 26. Bd3 Nh5 27. g4 Ng7 28. gxf5+ Kf7 29. Qxg5 Qb7 30. f6 exf6 31. Rxf6+ Kg8 32. Rxd6 Qc7 33. Qg6 Rf7 34. Rc6 Qd7 35. Rxc8+ 1-0

[Event "Abe Yanofsky mem"]
[Site "Winnipeg CAN"]
[Date "2007.09.02"]
[Round "5"]
[White "Pottinger, Carl"]
[Black "Babb, Jeff"]
[Result "0-1"]
[WhiteElo "1848"]
[BlackElo "2167"]
[PlyCount "100"]
[GameId "2160767910579517"]
[EventDate "2007.09.01"]
[EventType "swiss"]
[EventRounds "5"]
[EventCountry "CAN"]
[SourceTitle "EXT 2022"]
[Source "ChessBase"]
[SourceDate "2021.10.06"]
[SourceVersion "1"]
[SourceVersionDate "2021.10.06"]
[SourceQuality "1"]

1. c4 Nc6 2. g3 e5 3. Bg2 g6 4. Nc3 Bg7 5. e4 Nge7 6. Nge2 d6 7. O-O O-O 8. d3 Bd7 9. Nd5 Rb8 10. Be3 Nd4 11. Nxd4 exd4 12. Bf4 b5 13. b3 c6 14. Bxd6 cxd5 15. Bxb8 Qxb8 16. exd5 Qd6 17. Re1 Rc8 18. a4 b4 19. Ra2 h5 20. Bf3 a5 21. Rae2 Nf5 22. Be4 Bf6 23. Qd2 Kh7 24. Bg2 Ng7 25. Be4 Ne8 26. Bf3 Nc7 27. Bg2 Na6 28. Rb1 Nc5 29. Be4 Bg4 30. Ree1 Bg7 31. f4 Qf6 32. Kg2 Bf5 33. Kf3 Kg8 34. Kg2 Rd8 35. h3 Kf8 36. Re2 Bh6 37. Qc2 Bxe4+ 38. Rxe4 h4 39. Qf2 hxg3 40. Qxd4 Qxd4 41. Rxd4 Rd6 42. Kxg3 f5 43. Kf3 Bg7 44. Re4 Nxd3 45. Re3 Nc5 46. Rbe1 Bf6 47. Re8+ Kf7 48. R8e3 Rd8 49. Ke2 Bd4 50. Rd3 Re8+ 0-1

[Event "Abe Yanofsky mem"]
[Site "Winnipeg CAN"]
[Date "2007.09.02"]
[Round "5"]
[White "Thompson, Brian"]
[Black "Lauritson, Jim"]
[Result "0-1"]
[WhiteElo "1892"]
[BlackElo "1953"]
[PlyCount "42"]
[GameId "2160767910579518"]
[EventDate "2007.09.01"]
[EventType "swiss"]
[EventRounds "5"]
[EventCountry "CAN"]
[SourceTitle "EXT 2022"]
[Source "ChessBase"]
[SourceDate "2021.10.06"]
[SourceVersion "1"]
[SourceVersionDate "2021.10.06"]
[SourceQuality "1"]

1. e4 c5 2. b3 Nc6 3. Bb2 d6 4. Bb5 Bd7 5. Nc3 Nf6 6. Nge2 e6 7. O-O Be7 8. f4 O-O 9. d3 a6 10. Bxc6 Bxc6 11. Ng3 d5 12. exd5 exd5 13. Nf5 d4 14. Nxe7+ Qxe7 15. Re1 Qd6 16. Ne4 Nxe4 17. dxe4 Qxf4 18. Bc1 Qh4 19. g3 Qh3 20. Qe2 Rae8 21. e5 Rxe5 0-1

[Event "Abe Yanofsky mem"]
[Site "Winnipeg CAN"]
[Date "2007.09.02"]
[Round "5"]
[White "Vincent, Trevor"]
[Black "Raihman, Igal"]
[Result "1-0"]
[WhiteElo "2175"]
[BlackElo "1782"]
[PlyCount "61"]
[GameId "2160767910579519"]
[EventDate "2007.09.01"]
[EventType "swiss"]
[EventRounds "5"]
[EventCountry "CAN"]
[SourceTitle "EXT 2022"]
[Source "ChessBase"]
[SourceDate "2021.10.06"]
[SourceVersion "1"]
[SourceVersionDate "2021.10.06"]
[SourceQuality "1"]

1. c4 Nf6 2. g3 e6 3. Bg2 d5 4. Nf3 c5 5. cxd5 exd5 6. d4 b6 7. Nc3 Bb7 8. O-O Be7 9. Bf4 Qd7 10. Ne5 Qe6 11. Qa4+ Nbd7 12. Nb5 Rc8 13. Qxa7 Bc6 14. Nc7+ Rxc7 15. Qxc7 Nxe5 16. dxe5 Nd7 17. Rad1 O-O 18. Bh3 Qxh3 19. Qxc6 d4 20. Qd5 Rd8 21. Rd3 Nf8 22. Qe4 Qg4 23. Rb3 g5 24. f3 Qe6 25. Bd2 Nd7 26. f4 f5 27. Qb7 Rb8 28. Qg2 c4 29. Rb5 g4 30. Qd5 Nc5 31. Rxc5 1-0

[Event "Abe Yanofsky mem U1800"]
[Site "Winnipeg CAN"]
[Date "2007.08.31"]
[Round "1"]
[White "Campbell, Gary"]
[Black "Crawford, Gary"]
[Result "1-0"]
[WhiteElo "1714"]
[BlackElo "1282"]
[PlyCount "47"]
[GameId "2160767910579520"]
[EventDate "2007.09.01"]
[EventType "swiss"]
[EventRounds "5"]
[EventCountry "CAN"]
[SourceTitle "EXT 2022"]
[Source "ChessBase"]
[SourceDate "2021.10.06"]
[SourceVersion "1"]
[SourceVersionDate "2021.10.06"]
[SourceQuality "1"]

1. d4 d5 2. c4 c6 3. Nf3 Nf6 4. Nc3 h6 5. Bf4 dxc4 6. a4 Nd5 7. Bxb8 Rxb8 8. e4 Nxc3 9. bxc3 Be6 10. Qc2 Qc7 11. Be2 b5 12. axb5 cxb5 13. d5 Bc8 14. e5 Rb6 15. O-O a6 16. Rfe1 g6 17. Nd4 Qxe5 18. Bxc4 Qg5 19. Nf3 Qf5 20. Bd3 Qxd5 21. Rad1 Qc5 22. Ne5 Bg7 23. Nxg6 fxg6 24. Bxg6+ 1-0